[Event "North American op 29th"]
[Site "Las Vegas"]
[Date "2019.12.30"]
[Round "9"]
[White "Mitkov, Nikola"]
[Black "Wang, Richard"]
[Result "1-0"]
[WhiteElo "2508"]
[BlackElo "2342"]
[PlyCount "53"]
[EventDate "2019.12.26"]
[EventType "swiss"]
[EventRounds "9"]
[EventCountry "USA"]
[SourceTitle "CBM 194 Extra"]
[Source "ChessBase"]
[SourceDate "2020.03.31"]
[SourceVersion "1"]
[SourceVersionDate "2020.03.31"]
[SourceQuality "1"]

1. e4 c5 2. Nc3 Nc6 3. Bb5 Nd4 4. Bc4 d6 5. Nge2 Nf6 6. d3 Nxe2 7. Qxe2 e6 8. g4 h6 9. f4 Be7 10. Bd2 a6 11. Qg2 Nd7 12. a4 b6 13. 0-0 Bb7 14. f5 Nf8 15. fxe6 fxe6 16. a5 Bf6 17. axb6 Qe7 18. Qh3 g6 19. Rae1 0-0-0 20. Ra1 Bd4+ 21. Be3 d5 22. Bxa6 Bxe3+ 23. Qxe3 d4 24. Bxb7+ Qxb7 25. Qg3 Qxb6 26. Ra8+ Kb7 27. Na4 1-0

[Event "Ivy League Challenge"]
[Site "Toronto"]
[Date "2018.11.09"]
[Round "1.2"]
[White "Fu, James"]
[Black "Wang, Richard"]
[Result "0-1"]
[WhiteElo "2061"]
[BlackElo "2332"]
[PlyCount "112"]
[EventDate "2018.11.09"]
[EventType "team-tourn"]
[EventRounds "5"]
[EventCountry "CAN"]
[SourceTitle "CBM 187 Extra"]
[Source "ChessBase"]
[SourceDate "2018.11.04"]
[SourceVersion "1"]
[SourceVersionDate "2018.11.04"]
[SourceQuality "1"]
[WhiteTeam "Toronto Univ"]
[BlackTeam "Harvard Univ"]
[WhiteTeamCountry "CAN"]
[BlackTeamCountry "USA"]

1. e4 c5 2. Nc3 Nc6 3. g3 g6 4. Bg2 Bg7 5. Nge2 d6 6. d3 Nf6 7. h3 0-0 8. 0-0 Rb8 9. a4 a6 10. Be3 b5 11. axb5 axb5 12. Qd2 b4 13. Nd1 Re8 14. f4 Bb7 15. g4 Qb6 16. Ra4 Nd7 17. f5 Ra8 18. Rxa8 Rxa8 19. h4 Nde5 20. g5 Ng4 21. h5 Nd4 22. fxg6 fxg6 23. hxg6 hxg6 24. Nf4 Ne5 25. c3 Nb3 26. Qc2 bxc3 27. bxc3 Qb5 28. d4 cxd4 29. cxd4 Rc8 30. Qa2 Ra8 31. Qc2 Rc8 32. Qf2 Ng4 33. Qf3 Nxe3 34. Nxe3 Rf8 35. Qg4 Bc8 36. Qd1 Bxd4 37. Nfd5 Bxe3+ 38. Nxe3 Rxf1+ 39. Qxf1 Qxf1+ 40. Kxf1 Nc5 41. e5 dxe5 42. Ke2 Kf7 43. Bd5+ Be6 44. Bc6 Bf5 45. Bd5+ Be6 46. Bc6 Bb3 47. Kf3 Ba2 48. Kg3 Ke6 49. Kf3 Kd6 50. Be8 Bb1 51. Bf7 Be4+ 52. Kg4 e6 53. Nc4+ Kd5 54. Ne3+ Kd4 55. Nd1 Bf5+ 56. Kf3 Ne4 0-1

[Event "CAN-ch U18"]
[Site "Windsor"]
[Date "2016.07.08"]
[Round "6.1"]
[White "Wang, Richard"]
[Black "Song, Michael"]
[Result "0-1"]
[WhiteElo "2411"]
[BlackElo "2470"]
[PlyCount "71"]
[EventDate "2016.07.05"]
[EventType "swiss"]
[EventRounds "7"]
[EventCountry "CAN"]
[SourceTitle "EXT 2022"]
[Source "ChessBase"]
[SourceDate "2021.10.06"]
[SourceVersion "1"]
[SourceVersionDate "2021.10.06"]
[SourceQuality "1"]

1. c4 f5 2. g3 Nf6 3. Bg2 g6 4. Nc3 Bg7 5. d3 0-0 6. Nf3 d6 7. 0-0 Nc6 8. Rb1 a5 9. a3 Nh5 10. Qc2 f4 11. e3 e5 12. b4 axb4 13. axb4 Bg4 14. Nd5 Ne7 15. Bb2 Nxd5 16. cxd5 Qd7 17. Rbc1 Ra2 18. e4 Bh6 19. Ra1 Rxa1 20. Bxa1 fxg3 21. fxg3 Be3+ 22. Kh1 Nxg3+ 23. hxg3 Bxf3 24. Kh2 Bg4 25. Rxf8+ Kxf8 26. Bb2 Qg7 27. Bh3 Qh6 28. Qg2 b5 29. Bc3 Ke7 30. Qf1 Qh5 31. Qg2 g5 32. Be1 Kd8 33. Qf1 Bf3 34. g4 Bf4+ 35. Kg1 Bxg4 36. Bxg4 0-1

[Event "CAN-ch U18"]
[Site "Windsor"]
[Date "2016.07.07"]
[Round "4.1"]
[White "Wang, Richard"]
[Black "Chiku Ratte, Olivier Kenta"]
[Result "0-1"]
[WhiteElo "2411"]
[BlackElo "2461"]
[PlyCount "88"]
[EventDate "2016.07.05"]
[EventType "swiss"]
[EventRounds "7"]
[EventCountry "CAN"]
[SourceTitle "EXT 2022"]
[Source "ChessBase"]
[SourceDate "2021.10.06"]
[SourceVersion "1"]
[SourceVersionDate "2021.10.06"]
[SourceQuality "1"]

1. d4 Nf6 2. c4 c5 3. d5 e6 4. Nc3 exd5 5. cxd5 d6 6. e4 g6 7. h3 Bg7 8. Nf3 a6 9. a4 Nbd7 10. Bd3 Nh5 11. Bg5 Bf6 12. Be3 Ne5 13. Be2 Nxf3+ 14. Bxf3 Ng7 15. Qd2 0-0 16. 0-0 Be5 17. Bf4 Qe7 18. Rfe1 b6 19. Bd1 Re8 20. Bc2 Bxf4 21. Qxf4 Nh5 22. Qe3 Qe5 23. Bd1 Nf4 24. Bg4 Bxg4 25. hxg4 c4 26. g3 Nd3 27. f4 Qe7 28. Re2 Rab8 29. Qd4 Qc7 30. Kg2 b5 31. axb5 axb5 32. Ra6 Qc8 33. Ra7 b4 34. Qf6 Rf8 35. Nd1 Qxg4 36. Rd2 Rbe8 37. Rxd3 Qe2+ 38. Nf2 cxd3 39. Qd4 b3 40. Ra1 Ra8 41. Rd1 Ra2 42. Rxd3 Rxb2 43. e5 Rb8 44. exd6 Qxf2+ 0-1

[Event "Edmonton 11th"]
[Site "Edmonton"]
[Date "2016.06.26"]
[Round "9"]
[White "Wang, Richard"]
[Black "Shankland, Samuel L"]
[Result "1/2-1/2"]
[WhiteElo "2341"]
[BlackElo "2646"]
[PlyCount "58"]
[EventDate "2016.06.18"]
[EventType "tourn"]
[EventRounds "9"]
[EventCountry "CAN"]
[EventCategory "9"]
[SourceTitle "CBM 173 Extra"]
[Source "ChessBase"]
[SourceDate "2016.08.29"]
[SourceVersion "1"]
[SourceVersionDate "2016.08.29"]
[SourceQuality "1"]

1. d4 Nf6 2. Nf3 b6 3. Bg5 e6 4. e4 h6 5. Bxf6 Qxf6 6. Bd3 Bb7 7. 0-0 g6 8. Nbd2 Bg7 9. Qe2 0-0 10. Rfe1 d6 11. e5 Qe7 12. c3 c5 13. Nc4 Bxf3 14. Qxf3 d5 15. Nd6 cxd4 16. cxd4 Nc6 17. Qe3 Nxd4 18. Nxf7 Qxf7 19. Qxd4 Rac8 20. Rac1 g5 21. g3 Bxe5 22. Qxe5 Rxc1 23. Rxc1 Qxf2+ 24. Kh1 Qf3+ 25. Kg1 Qf2+ 26. Kh1 Qf3+ 27. Kg1 Qf2+ 28. Kh1 Qf3+ 29. Kg1 Qf2+ 1/2-1/2

[Event "Edmonton 11th"]
[Site "Edmonton"]
[Date "2016.06.22"]
[Round "5"]
[White "Sambuev, Bator"]
[Black "Wang, Richard"]
[Result "1-0"]
[WhiteElo "2540"]
[BlackElo "2341"]
[PlyCount "125"]
[EventDate "2016.06.18"]
[EventType "tourn"]
[EventRounds "9"]
[EventCountry "CAN"]
[EventCategory "9"]
[SourceTitle "CBM 173 Extra"]
[Source "ChessBase"]
[SourceDate "2016.08.29"]
[SourceVersion "1"]
[SourceVersionDate "2016.08.29"]
[SourceQuality "1"]

1. Nf3 c5 2. e4 d6 3. d4 cxd4 4. Nxd4 Nf6 5. Nc3 g6 6. Be3 Bg7 7. f3 Nc6 8. Qd2 0-0 9. 0-0-0 d5 10. exd5 Nxd5 11. Nxc6 bxc6 12. Bd4 Nxc3 13. Qxc3 Bh6+ 14. Be3 Bxe3+ 15. Qxe3 Qb6 16. Qxe7 Be6 17. Qa3 Rfd8 18. Ba6 c5 19. Be2 c4 20. f4 c3 21. Qxc3 Rdc8 22. Qd4 Bf5 23. c3 Qe6 24. g4 Bxg4 25. Bxg4 Qxg4 26. Rhe1 h5 27. Qf6 Rc4 28. Rd4 Rxd4 29. Qxd4 Qh4 30. Re2 Rd8 31. Qe3 Qg4 32. Rd2 Rxd2 33. Qxd2 h4 34. c4 h3 35. b4 Qe6 36. Qd8+ Kh7 37. Qd3 Qe1+ 38. Kc2 Qf2+ 39. Qd2 Qf1 40. c5 Qc4+ 41. Kb2 a5 42. a3 Kg8 43. Qc2 Qxf4 44. c6 a4 45. Ka2 Qe5 46. b5 Qe6+ 47. Kb2 Qe5+ 48. Kc1 Qe1+ 49. Qd1 Qe3+ 50. Qd2 Qc5+ 51. Kd1 Qg1+ 52. Kc2 Qc5+ 53. Qc3 Qf2+ 54. Kd3 Qxh2 55. c7 Qg3+ 56. Kd4 Qg4+ 57. Ke5 Qf5+ 58. Kd6 Qe6+ 59. Kc5 h2 60. Qf3 Qd7 61. Kb6 Qc8 62. Qg2 Kf8 63. Qxh2 1-0

[Event "Edmonton 11th"]
[Site "Edmonton"]
[Date "2016.06.21"]
[Round "4"]
[White "Wang, Richard"]
[Black "Findlay, Ian T"]
[Result "0-1"]
[WhiteElo "2341"]
[BlackElo "2257"]
[PlyCount "80"]
[EventDate "2016.06.18"]
[EventType "tourn"]
[EventRounds "9"]
[EventCountry "CAN"]
[EventCategory "9"]
[SourceTitle "CBM 173 Extra"]
[Source "ChessBase"]
[SourceDate "2016.08.29"]
[SourceVersion "1"]
[SourceVersionDate "2016.08.29"]
[SourceQuality "1"]

1. d4 Nf6 2. Nf3 e6 3. e3 d5 4. Bd3 c5 5. b3 Nc6 6. 0-0 Bd6 7. Bb2 0-0 8. Ne5 Qc7 9. f4 cxd4 10. exd4 Nb4 11. Nc3 Nxd3 12. Qxd3 Bd7 13. Rf3 Bc6 14. Rh3 Ne4 15. Nxe4 dxe4 16. Qg3 f5 17. c4 Bxe5 18. fxe5 f4 19. Qh4 h6 20. Qg4 Qf7 21. Rxh6 f3 22. Rf6 Qe7 23. Qxe6+ Qxe6 24. Rxe6 f2+ 25. Kf1 e3 26. Rxc6 bxc6 27. Ba3 Rf4 28. Bc5 Re4 29. Ke2 a6 30. b4 Kf7 31. a4 g5 32. g3 Rh8 33. Rh1 Kg6 34. a5 Kf5 35. h3 Ke6 36. b5 cxb5 37. cxb5 Rg4 38. Rd1 Rxg3 39. d5+ Kxe5 40. Bd4+ Ke4 0-1

[Event "USA tt"]
[Site "ICC INT"]
[Date "2015.10.07"]
[Round "7"]
[White "Wang, Richard"]
[Black "Izoria, Zviad"]
[Result "1-0"]
[WhiteElo "2341"]
[BlackElo "2573"]
[PlyCount "91"]
[EventDate "2015.08.25"]
[EventType "team-swiss"]
[EventRounds "10"]
[EventCountry "USA"]
[SourceTitle "EXT 2017"]
[Source "ChessBase"]
[SourceDate "2016.10.25"]
[SourceVersion "1"]
[SourceVersionDate "2016.10.25"]
[SourceQuality "1"]
[WhiteTeam "Boston"]
[BlackTeam "Manhattan"]
[WhiteTeamCountry "USA"]
[BlackTeamCountry "USA"]

1. d4 e6 2. Nf3 c5 3. e3 d5 4. Bd3 c4 5. Be2 b5 6. a4 b4 7. c3 bxc3 8. Nxc3 Nc6 9. b3 Qa5 10. Bd2 Bb4 11. Rc1 cxb3 12. Qxb3 Nge7 13. 0-0 0-0 14. Bb5 Rb8 15. Qc2 Ba6 16. Bxa6 Qxa6 17. Nb5 Bxd2 18. Nxd2 Rfc8 19. Qd1 Qa5 20. Rc5 Qb4 21. Qc2 Na5 22. Rb1 Rxc5 23. dxc5 Qg4 24. Nxa7 Rxb1+ 25. Qxb1 h6 26. Qb5 Nc4 27. Nf3 Nf5 28. h3 Qe4 29. c6 Ncd6 30. c7 Qc2 31. c8Q+ Nxc8 32. Qe8+ Kh7 33. Nxc8 d4 34. exd4 Nxd4 35. Ne7 Nxf3+ 36. gxf3 Qc1+ 37. Kg2 Qg5+ 38. Kf1 Qc1+ 39. Ke2 Qc2+ 40. Ke3 Qc3+ 41. Kf4 Qc7+ 42. Kg4 h5+ 43. Kxh5 Qe5+ 44. Kg4 f5+ 45. Kh5 f4+ 46. Kg4 1-0

[Event "CAN-ch"]
[Site "Guelph"]
[Date "2015.07.16"]
[Round "9"]
[White "Oussedik, Elias"]
[Black "Wang, Richard"]
[Result "0-1"]
[WhiteElo "2109"]
[BlackElo "2361"]
[PlyCount "60"]
[EventDate "2015.07.10"]
[EventType "swiss"]
[EventRounds "9"]
[EventCountry "CAN"]
[SourceTitle "CBM 167 Extra"]
[Source "ChessBase"]
[SourceDate "2015.09.14"]
[SourceVersion "1"]
[SourceVersionDate "2015.09.14"]
[SourceQuality "1"]

1. c4 c5 2. Nf3 Nc6 3. d4 cxd4 4. Nxd4 g6 5. g3 Bg7 6. Nb3 d6 7. Bg2 Be6 8. N3d2 Nf6 9. Nc3 Nd7 10. Nd5 Nb6 11. 0-0 0-0 12. Rb1 Rc8 13. a3 Ne5 14. b3 Nxd5 15. cxd5 Bf5 16. Ne4 Nd7 17. Bb2 Bxb2 18. Rxb2 Qa5 19. a4 Bxe4 20. Bxe4 Qb4 21. Bg2 Rc3 22. Qd2 Rfc8 23. Bh3 f5 24. Bxf5 gxf5 25. Qg5+ Kf8 26. Qh6+ Ke8 27. Qxh7 Qg4 28. h3 Qg5 29. Qh8+ Kf7 30. Qd4 Rxg3+ 0-1

[Event "CAN-ch U18"]
[Site "Windsor"]
[Date "2015.07.09"]
[Round "7.2"]
[White "Johnson, Nicholas1111"]
[Black "Wang, Richard"]
[Result "0-1"]
[WhiteElo "1882"]
[BlackElo "2426"]
[PlyCount "86"]
[EventDate "2015.07.06"]
[EventType "tourn"]
[EventRounds "7"]
[EventCountry "CAN"]
[SourceTitle "EXT 2022"]
[Source "ChessBase"]
[SourceDate "2021.10.06"]
[SourceVersion "1"]
[SourceVersionDate "2021.10.06"]
[SourceQuality "1"]

1. c4 c5 2. g3 g6 3. Bg2 Bg7 4. Nc3 Nc6 5. Nf3 d6 6. 0-0 Qd7 7. d3 b6 8. Bd2 Bb7 9. a3 e6 10. Rb1 Nge7 11. b4 0-0 12. e3 h6 13. Qe2 f5 14. Nb5 g5 15. Rfd1 e5 16. Nc3 f4 17. b5 Nd8 18. exf4 exf4 19. gxf4 Ng6 20. Nd5 Ne6 21. fxg5 Bxd5 22. cxd5 Nef4 23. Bxf4 Nxf4 24. Qf1 hxg5 25. Nxg5 Qg4 26. Ne4 Be5 27. Rd2 Nh3+ 28. Kh1 Qf4 29. Ng3 Nxf2+ 30. Rxf2 Qxf2 31. Ne4 Qxf1+ 32. Rxf1 a6 33. a4 axb5 34. axb5 Rxf1+ 35. Bxf1 Ra2 36. h3 Kf7 37. Kg1 Ke7 38. Kh1 Rb2 39. Kg1 Bd4+ 40. Kh1 Rxb5 41. Kg2 Rb2+ 42. Kf3 b5 43. h4 b4 0-1

[Event "CAN-ch U18"]
[Site "Windsor"]
[Date "2015.07.08"]
[Round "5.1"]
[White "Wang, Richard"]
[Black "Song, Guannan Terry"]
[Result "1/2-1/2"]
[WhiteElo "2426"]
[BlackElo "2202"]
[PlyCount "23"]
[EventDate "2015.07.06"]
[EventType "tourn"]
[EventRounds "7"]
[EventCountry "CAN"]
[SourceTitle "EXT 2022"]
[Source "ChessBase"]
[SourceDate "2021.10.06"]
[SourceVersion "1"]
[SourceVersionDate "2021.10.06"]
[SourceQuality "1"]

1. d4 Nf6 2. Nf3 c5 3. e3 g6 4. Bd3 Bg7 5. 0-0 0-0 6. b3 cxd4 7. exd4 Nc6 8. a3 d5 9. Bb2 Ne4 10. c4 Bg4 11. Be2 dxc4 12. bxc4 1/2-1/2

[Event "CAN-ch U18"]
[Site "Windsor"]
[Date "2015.07.07"]
[Round "2.3"]
[White "Othman, Gaffar"]
[Black "Wang, Richard"]
[Result "0-1"]
[WhiteElo "1183"]
[BlackElo "2426"]
[PlyCount "62"]
[EventDate "2015.07.06"]
[EventType "tourn"]
[EventRounds "7"]
[EventCountry "CAN"]
[SourceTitle "EXT 2022"]
[Source "ChessBase"]
[SourceDate "2021.10.06"]
[SourceVersion "1"]
[SourceVersionDate "2021.10.06"]
[SourceQuality "1"]

1. e4 c5 2. f4 e6 3. e5 d5 4. c3 Nc6 5. Bb5 Bd7 6. b3 Nxe5 7. fxe5 Bxb5 8. Nf3 Ne7 9. d3 Ng6 10. Be3 Qc7 11. d4 cxd4 12. Qxd4 b6 13. b4 Be7 14. a4 Bc6 15. 0-0 f6 16. Bf4 Nxf4 17. Qxf4 0-0 18. Re1 Rae8 19. Nd4 Bd7 20. Re3 fxe5 21. Qxe5 Bd6 22. Qh5 Bxh2+ 23. Qxh2 Rf1+ 24. Kxf1 Qxh2 25. b5 Qf4+ 26. Rf3 Qc1+ 27. Ke2 Qb2+ 28. Nc2 Qxc2+ 29. Ke3 e5 30. Nd2 Qxc3+ 31. Ke2 Qxa1 0-1

[Event "Northern Alberta op"]
[Site "Edmonton"]
[Date "2015.02.14"]
[Round "1"]
[White "Bhavik, Dave"]
[Black "Wang, Richard"]
[Result "0-1"]
[WhiteElo "1535"]
[BlackElo "2373"]
[PlyCount "42"]
[EventDate "2015.02.14"]
[EventType "swiss"]
[EventRounds "5"]
[EventCountry "CAN"]
[SourceTitle "EXT 2017"]
[Source "ChessBase"]
[SourceDate "2016.10.25"]
[SourceVersion "1"]
[SourceVersionDate "2016.10.25"]
[SourceQuality "1"]

1. d4 d5 2. c4 c6 3. Nf3 Nf6 4. Nc3 dxc4 5. a4 Bf5 6. e3 e6 7. Bxc4 Bb4 8. 0-0 0-0 9. Bd3 Bxd3 10. Qxd3 Nbd7 11. Rd1 Qe7 12. b3 e5 13. dxe5 Nxe5 14. Nxe5 Rad8 15. Nxc6 bxc6 16. Qc2 Bxc3 17. Rxd8 Rxd8 18. Ba3 Qe5 19. Rc1 Rd2 20. Qb1 Ng4 21. g3 Nxf2 0-1

[Event "World ol U16"]
[Site "Gyor"]
[Date "2014.12.20"]
[Round "9.2"]
[White "Radovic, Janko"]
[Black "Wang, Richard"]
[Result "0-1"]
[WhiteElo "2272"]
[BlackElo "2363"]
[PlyCount "104"]
[EventDate "2014.12.13"]
[EventType "team-swiss"]
[EventRounds "10"]
[EventCountry "HUN"]
[SourceTitle "EXT 2016"]
[Source "ChessBase"]
[SourceDate "2015.10.08"]
[SourceVersion "1"]
[SourceVersionDate "2015.10.08"]
[SourceQuality "1"]
[WhiteTeam "Serbia"]
[BlackTeam "Canada"]
[WhiteTeamCountry "SRB"]
[BlackTeamCountry "CAN"]

1. e4 e6 2. d4 d5 3. Nc3 Bb4 4. e5 c5 5. a3 Bxc3+ 6. bxc3 Qa5 7. Bd2 Qa4 8. Qb1 c4 9. g3 Nc6 10. Nh3 Bd7 11. Nf4 0-0-0 12. Bg2 f6 13. exf6 Nxf6 14. 0-0 g5 15. Ne2 Rhg8 16. Qb2 b6 17. Rae1 Ne7 18. Qc1 h6 19. Kh1 Nf5 20. Ng1 Nd6 21. Nf3 Nb5 22. Ne5 Qxa3 23. Qxa3 Nxa3 24. Nxd7 Kxd7 25. Ra1 Nb5 26. Rfb1 Kc6 27. Ra4 Nd6 28. Rxa7 Ra8 29. Rba1 Rxa7 30. Rxa7 Nfe4 31. Be3 Nxc3 32. Re7 Rg6 33. h4 Nf5 34. Rf7 gxh4 35. gxh4 Nxh4 36. Bh3 Ne4 37. Rf4 Nf5 38. Bxf5 exf5 39. Rxf5 b5 40. Rf8 Rf6 41. Ra8 Nxf2+ 42. Kg2 Ng4 43. Ra6+ Kb7 44. Rxf6 Nxf6 45. Bxh6 b4 46. Kf3 b3 47. cxb3 cxb3 48. Bc1 Kc6 49. Ke3 Kb5 50. Kd3 Kb4 51. Bb2 Ne4 52. Ke3 Nc3 0-1